000 00484nam a2200169 i 4500
001 63346
003 ES-MaACL
005 20230906164832.0
007 t|
008 031209s1971 sp ||||1| spa d
100 1 _aFerrater Mora, José.
_950338
245 1 3 _aEl hombre y su medio y otros ensayos /
_cpor J. Ferrater Mora.
250 _a[1ª ed.].
260 _aMadrid :
_bSiglo Veintiuno de España,
_c[1971]
300 _a211 p. ;
_c12 cm.
852 _aES-MaACL
_jC-42880
_bR.81564
999 _c63346
_d63346